[Event "Damen Bundesliga 2013"]
[Site "21.24.3.13 St.Veit/G., 19.-21.4.13 Fuerstenfeld"]
[Date "2013.04.19"]
[Round "5"]
[Board "2"]
[White "Bauer, Valentina"]
[Black "Hiebler, Laura"]
[Result "0-1"]
[WhiteElo "1810"]
[BlackElo "1810"]
[PlyCount "62"]
[EventDate "2013.03.21"]
[EventType "team"]
[EventRounds "7"]
[EventCountry "AUT"]
[WhiteTeam "Tschaturanga"]
[BlackTeam "Union Raiffeisen Oggau"]

1. e4 e6 2. d4 d5 3. exd5 exd5 4. Bd3 Bd6 5. c3 Ne7 6. Nf3 O-O 7. O-O Bf5 8.
Re1 Bxd3 9. Qxd3 Nd7 10. Bg5 f6 11. Bh4 c6 12. Bg3 Bxg3 13. hxg3 Ng6 14. Nh4
Nxh4 15. gxh4 f5 16. Qh3 Nf6 17. f3 Nh5 18. g3 f4 19. g4 Ng3 20. Nd2 Qb6 21.
Nb3 Rae8 22. Qg2 Qd8 23. Qh2 Rf7 24. Nc5 Rfe7 25. Nd3 Re2 26. Qh3 Qc7 27. Rxe2
Rxe2 28. Re1 Qe7 29. Rxe2 Nxe2+ 30. Kf1 Qe3 31. Nf2 Ng3+ 0-1

[Event "Damen Bundesliga 2013"]
[Site "21.24.3.13 St.Veit/G., 19.-21.4.13 Fuerstenfeld"]
[Date "2013.04.19"]
[Round "5"]
[Board "1"]
[White "Nagy, Laura"]
[Black "Zechner, Andrea"]
[Result "0-1"]
[WhiteElo "1989"]
[BlackElo "1930"]
[PlyCount "72"]
[EventDate "2013.03.21"]
[EventType "team"]
[EventRounds "7"]
[EventCountry "AUT"]
[WhiteTeam "Spg Steyr"]
[BlackTeam "ASK Salzburg"]

1. e4 c6 2. d4 d5 3. Nd2 dxe4 4. Nxe4 h6 5. Nf3 Bf5 6. Ng3 Bh7 7. Bd3 Bxd3 8.
Qxd3 Nf6 9. Bd2 e6 10. a3 Nbd7 11. Ne4 Qc7 12. Nxf6+ Nxf6 13. Bb4 Bxb4+ 14.
axb4 Nd5 15. Qd2 Qb6 16. c3 a5 17. bxa5 Rxa5 18. O-O O-O 19. Ne5 Qa6 20. Rxa5
Qxa5 21. f4 Ne7 22. h3 Rd8 23. Qf2 Ra8 24. Nd3 Qb5 25. Qf3 Ra2 26. Re1 Ng6 27.
Qe3 Nh4 28. g4 Qd5 29. Re2 Ra1+ 30. Nc1 Nf3+ 31. Kf2 Nh4 32. Kg3 g5 33. fxg5
hxg5 34. Rc2 Kf8 35. Nd3 Rf1 36. Rf2 Rg1+ 0-1

[Event "Damen Bundesliga 2013"]
[Site "21.24.3.13 St.Veit/G., 19.-21.4.13 Fuerstenfeld"]
[Date "2013.04.19"]
[Round "5"]
[Board "2"]
[White "Tschida, Verena"]
[Black "Hackbarth, Christa"]
[Result "0-1"]
[WhiteElo "1728"]
[BlackElo "1844"]
[PlyCount "140"]
[EventDate "2013.03.21"]
[EventType "team"]
[EventRounds "7"]
[EventCountry "AUT"]
[WhiteTeam "ASK Salzburg"]
[BlackTeam "Spg Steyr"]

1. d4 d5 2. Nf3 Bf5 3. Bf4 e6 4. e3 Bd6 5. Ne5 Ne7 6. g4 Be4 7. f3 Bg6 8. h4 h6
9. h5 Bh7 10. Bd3 Bxd3 11. Qxd3 c6 12. Nd2 Qc7 13. c4 Nd7 14. Qc3 Nxe5 15. dxe5
Bc5 16. b4 Bxb4 17. Qxb4 O-O-O 18. O-O-O c5 19. Qa4 a6 20. Nb3 Nc6 21. cxd5
exd5 22. e6 Qe7 23. exf7 Rhf8 24. Rd2 Rxf7 25. Rhd1 d4 26. Qc4 dxe3 27. Rxd8+
Nxd8 28. Bd6 Qg5 29. f4 Qxg4 30. Qxc5+ Nc6 31. Qxe3 Rd7 32. Qe8+ Rd8 33. Qf7
Rd7 34. Qe8+ Rd8 35. Qf7 Rd7 36. Qd5 Qe2 37. Nd4 Qe3+ 38. Kb1 Nxd4 39. Rxd4
Qe1+ 40. Rd1 Qe2 41. Rc1+ Kd8 42. Bc7+ Ke7 43. Qc5+ Ke8 44. Be5 Kf7 45. Bd6
Qd3+ 46. Rc2 Rxd6 47. Qc7+ Rd7 48. Qe5 Re7 49. Qa5 Qf1+ 50. Rc1 Qd3+ 51. Rc2
Qe4 52. f5 Qe1+ 53. Qxe1 Rxe1+ 54. Kb2 Re5 55. Rc7+ Re7 56. Rc5 Kf6 57. Kc3 Re5
58. Rc7 Rb5 59. a4 Rb1 60. Kd4 Rb4+ 61. Ke3 a5 62. Rc5 Rxa4 63. Rb5 Rh4 64.
Rxb7 Rxh5 65. Rb6+ Kxf5 66. Rb5+ Kg4 67. Rb7 Rg5 68. Ra7 h5 69. Kf2 h4 70. Rf7
Rf5+ 0-1

[Event "Damen Bundesliga 2013"]
[Site "21.24.3.13 St.Veit/G., 19.-21.4.13 Fuerstenfeld"]
[Date "2013.04.19"]
[Round "5"]
[Board "1"]
[White "Anker, Christin"]
[Black "Krassnitzer, Maria"]
[Result "1/2-1/2"]
[WhiteElo "1867"]
[BlackElo "1598"]
[PlyCount "59"]
[EventDate "2013.03.21"]
[EventType "team"]
[EventRounds "7"]
[EventCountry "AUT"]
[WhiteTeam "Schach ohne Grenzen"]
[BlackTeam "SV ASVOE St. Veit/Glan"]

1. e4 e5 2. Nf3 Nf6 3. Bc4 Nxe4 4. Nc3 Nc6 5. Nxe4 d5 6. Bd3 dxe4 7. Bxe4 Bg4
8. h3 Bh5 9. d3 Bc5 10. Bxc6+ bxc6 11. Qe2 O-O 12. O-O Re8 13. Qe4 Qd5 14. Re1
Bxf3 15. Qxf3 Qxf3 16. gxf3 Re6 17. Bd2 Rae8 18. Bc3 Bd6 19. Re4 f5 20. Ra4 Bc5
21. Re1 Bb6 22. Rc4 h5 23. b4 g5 24. a4 a6 25. Kf1 Kf7 26. Kg1 Kg8 27. Kf1 Kf7
28. Kg1 Kg8 29. Kf1 Kf7 30. Kg1 1/2-1/2

[Event "Damen Bundesliga 2013"]
[Site "21.24.3.13 St.Veit/G., 19.-21.4.13 Fuerstenfeld"]
[Date "2013.04.19"]
[Round "5"]
[Board "2"]
[White "Stangl, Helga"]
[Black "Wunderl, Eva"]
[Result "0-1"]
[WhiteElo "1600"]
[BlackElo "1817"]
[PlyCount "60"]
[EventDate "2013.03.21"]
[EventType "team"]
[EventRounds "7"]
[EventCountry "AUT"]
[WhiteTeam "SV ASVOE St. Veit/Glan"]
[BlackTeam "Schach ohne Grenzen"]

1. Nf3 Nf6 2. b3 e6 3. Bb2 d5 4. e3 Be7 5. Be2 c5 6. d3 Nc6 7. Nbd2 O-O 8. O-O
b6 9. Rc1 Bb7 10. Ne5 Nxe5 11. Bxe5 Nd7 12. Bb2 Bf6 13. Bxf6 Qxf6 14. Nf3 d4
15. e4 e5 16. Qd2 h6 17. Ne1 Qg6 18. f4 f5 19. Rf3 fxe4 20. dxe4 Bxe4 21. Rg3
Qf6 22. Bc4+ Kh8 23. fxe5 Nxe5 24. Bd3 Nxd3 25. Nxd3 Rae8 26. Nf2 Bc6 27. Ng4
Qe6 28. h3 Qd6 29. Kh2 h5 30. Nh6 h4 0-1

[Event "Damen Bundesliga 2013"]
[Site "21.24.3.13 St.Veit/G., 19.-21.4.13 Fuerstenfeld"]
[Date "2013.04.20"]
[Round "6"]
[Board "1"]
[White "Novkovic, Julia"]
[Black "Zechner, Andrea"]
[Result "1/2-1/2"]
[WhiteElo "2084"]
[BlackElo "1930"]
[PlyCount "137"]
[EventDate "2013.03.21"]
[EventType "team"]
[EventRounds "7"]
[EventCountry "AUT"]
[WhiteTeam "ASVOE Pamhagen"]
[BlackTeam "ASK Salzburg"]

1. e4 c6 2. d4 d5 3. Nc3 dxe4 4. Nxe4 Bf5 5. Ng3 Bg6 6. Nf3 Nd7 7. Bc4 e6 8.
O-O Ngf6 9. Re1 Be7 10. Nh4 Qc7 11. Qf3 Nd5 12. Nxg6 hxg6 13. Bb3 N7f6 14. c4
Nb6 15. Bf4 Qd7 16. Rad1 O-O 17. Bg5 a5 18. a3 a4 19. Ba2 Ra5 20. Bd2 Raa8 21.
Bc3 Rfe8 22. Re5 Qc8 23. Rde1 Nbd7 24. R5e2 Nf8 25. d5 c5 26. Bb1 Qd7 27. dxe6
Nxe6 28. Rxe6 fxe6 29. Bxg6 Rf8 30. Qe2 Ra6 31. Nh5 Rd6 32. Nf4 e5 33. Qxe5 Rd1
34. Ne6 Rxe1+ 35. Bxe1 Rc8 36. Bf5 Qd6 37. Qc3 Re8 38. Bd2 Bd8 39. Qe3 Bc7 40.
g3 Qe5 41. Nxc7 Qxc7 42. Be6+ Kf8 43. f4 Qd6 44. f5 Ng4 45. Qf4 Qd4+ 46. Qxd4
cxd4 47. Bb4+ Re7 48. Bd7 Ne5 49. Bxa4 Nxc4 50. Kf1 Nxb2 51. Bxe7+ Kxe7 52. Bb5
Nd1 53. Ke1 Ne3 54. Bd3 Kf6 55. Ke2 Nxf5 56. Bxf5 Kxf5 57. Kd3 Ke5 58. h3 Kd5
59. h4 b5 60. g4 Ke5 61. h5 Kf4 62. Kxd4 Kxg4 63. Kc5 Kxh5 64. Kxb5 g5 65. a4
g4 66. a5 g3 67. a6 g2 68. a7 g1=Q 69. a8=Q 1/2-1/2

[Event "Damen Bundesliga 2013"]
[Site "21.24.3.13 St.Veit/G., 19.-21.4.13 Fuerstenfeld"]
[Date "2013.04.20"]
[Round "6"]
[Board "2"]
[White "Tschida, Verena"]
[Black "Horvath, Maria"]
[Result "0-1"]
[WhiteElo "1728"]
[BlackElo "2009"]
[PlyCount "98"]
[EventDate "2013.03.21"]
[EventType "team"]
[EventRounds "7"]
[EventCountry "AUT"]
[WhiteTeam "ASK Salzburg"]
[BlackTeam "ASVOE Pamhagen"]

1. d4 Nf6 2. c4 e6 3. Nc3 d5 4. e3 c6 5. Bd2 Nbd7 6. cxd5 exd5 7. Bd3 Bd6 8.
Nf3 O-O 9. Qc2 Re8 10. O-O-O c5 11. Nb5 Bf8 12. dxc5 Nxc5 13. Bc3 Nxd3+ 14.
Qxd3 Bg4 15. h3 Bh5 16. Bxf6 Qxf6 17. Qxd5 Rac8+ 18. Kb1 Rc5 19. Qxb7 Bg6+ 20.
Ka1 Be4 21. Qd7 Re7 22. Qd6 Rxb5 23. Qxf6 gxf6 24. Nd4 Rb8 25. f3 Bb7 26. Nf5
Ree8 27. e4 Bc8 28. Ne3 Be6 29. Nd5 Bxd5 30. Rxd5 Rbd8 31. Rhd1 Rxd5 32. Rxd5
Kg7 33. Kb1 Re5 34. Rd7 Bc5 35. b3 Bb6 36. a4 Bc5 37. g4 a5 38. h4 h5 39. Rd5
hxg4 40. fxg4 Bf2 41. Rxe5 fxe5 42. h5 Bc5 43. Kc2 Kh6 44. Kd3 Kg5 45. Kc4 Bf8
46. Kb5 Bb4 47. Kc6 Bd2 48. Kd5 Kxg4 49. Kxe5 Bc3+ 0-1

[Event "Damen Bundesliga 2013"]
[Site "21.24.3.13 St.Veit/G., 19.-21.4.13 Fuerstenfeld"]
[Date "2013.04.20"]
[Round "6"]
[Board "1"]
[White "Froewis, Annika"]
[Black "Newrkla, Katharina"]
[Result "1/2-1/2"]
[WhiteElo "2043"]
[BlackElo "2126"]
[PlyCount "37"]
[EventDate "2013.03.21"]
[EventType "team"]
[EventRounds "7"]
[EventCountry "AUT"]
[WhiteTeam "Union Raiffeisen Oggau"]
[BlackTeam "ASVOE Wulkaprodersdorf"]

1. e4 c5 2. Nf3 d6 3. d4 cxd4 4. Nxd4 Nf6 5. Nc3 g6 6. Be3 Bg7 7. f3 O-O 8. Qd2
Nc6 9. O-O-O d5 10. exd5 Nxd5 11. Nxc6 bxc6 12. Nxd5 cxd5 13. Qxd5 Qc7 14. Qc5
Qb7 15. Qb5 Qc7 16. Qc5 Qb7 17. Qb5 Qc7 18. Qc5 Qb7 19. Qb5 1/2-1/2

[Event "Damen Bundesliga 2013"]
[Site "21.24.3.13 St.Veit/G., 19.-21.4.13 Fuerstenfeld"]
[Date "2013.04.20"]
[Round "6"]
[Board "2"]
[White "Rampler, Evelyn"]
[Black "Hiebler, Laura"]
[Result "1/2-1/2"]
[WhiteElo "1872"]
[BlackElo "1810"]
[PlyCount "82"]
[EventDate "2013.03.21"]
[EventType "team"]
[EventRounds "7"]
[EventCountry "AUT"]
[WhiteTeam "ASVOE Wulkaprodersdorf"]
[BlackTeam "Union Raiffeisen Oggau"]

1. e4 e6 2. d3 d5 3. Nd2 Nf6 4. g3 b6 5. Bg2 Bb7 6. Qe2 Be7 7. e5 Nfd7 8. f4 c5
9. c4 O-O 10. Nh3 Nc6 11. O-O Nd4 12. Qd1 Qc7 13. Nf3 Nxf3+ 14. Qxf3 Rab8 15.
Qh5 h6 16. b3 a6 17. Nf2 Rfd8 18. cxd5 exd5 19. Bb2 Bf8 20. Bh3 Re8 21. Rae1 d4
22. e6 Nf6 23. Qh4 Kh8 24. f5 fxe6 25. Bc1 Qd8 26. fxe6 Nh7 27. Qh5 Bd6 28. Qg6
Qf6 29. Qh5 Qe7 30. Ng4 Rf8 31. Ne5 Bxe5 32. Qxe5 Nf6 33. Bf4 Rbc8 34. Qe2 Bd5
35. Bf5 Rc6 36. g4 Ng8 37. Bg3 Re8 38. Rf4 Nf6 39. h4 Nh7 40. Kh2 b5 41. Qc2
Qd8 1/2-1/2

[Event "Damen Bundesliga 2013"]
[Site "21.24.3.13 St.Veit/G., 19.-21.4.13 Fuerstenfeld"]
[Date "2013.04.20"]
[Round "6"]
[Board "1"]
[White "Tarmastin, Laura"]
[Black "Schnegg, Anna-Lena"]
[Result "0-1"]
[WhiteElo "1744"]
[BlackElo "2032"]
[PlyCount "48"]
[EventDate "2013.03.21"]
[EventType "team"]
[EventRounds "7"]
[EventCountry "AUT"]
[WhiteTeam "Tschaturanga"]
[BlackTeam "SV Schachamazonen"]

1. e4 e5 2. Nf3 Nc6 3. Bc4 Bc5 4. c3 Nf6 5. d3 a6 6. Bb3 Ba7 7. Nbd2 O-O 8. O-O
d6 9. h3 Ne7 10. Re1 Ng6 11. Nf1 Kh8 12. Ng3 Be6 13. Bc2 Qd7 14. Be3 Bxe3 15.
fxe3 d5 16. d4 Bxh3 17. exd5 Qg4 18. Bf5 Qxg3 19. Bxh3 exd4 20. Qxd4 Rfe8 21.
Bf5 Rad8 22. c4 c6 23. e4 Nf4 24. Qd2 g6 0-1

[Event "Damen Bundesliga 2013"]
[Site "21.24.3.13 St.Veit/G., 19.-21.4.13 Fuerstenfeld"]
[Date "2013.04.20"]
[Round "6"]
[Board "2"]
[White "Landl, Margot"]
[Black "Bauer, Valentina"]
[Result "1-0"]
[WhiteElo "1778"]
[BlackElo "1810"]
[PlyCount "31"]
[EventDate "2013.03.21"]
[EventType "team"]
[EventRounds "7"]
[EventCountry "AUT"]
[WhiteTeam "SV Schachamazonen"]
[BlackTeam "Tschaturanga"]

1. e4 e6 2. d4 d5 3. Nc3 dxe4 4. Nxe4 Nd7 5. Nf3 Ngf6 6. Bg5 Be7 7. Nxf6+ Bxf6
8. h4 h6 9. Bxf6 Qxf6 10. Qd2 b6 11. Bb5 Bb7 12. Ne5 Bc8 13. O-O-O Qe7 14. Qc3
Qd6 15. Qf3 O-O 16. Qxa8 1-0

[Event "Damen Bundesliga 2013"]
[Site "21.24.3.13 St.Veit/G., 19.-21.4.13 Fuerstenfeld"]
[Date "2013.04.20"]
[Round "6"]
[Board "1"]
[White "Schloffer, Jasmin-Denise"]
[Black "Krassnitzer, Maria"]
[Result "1/2-1/2"]
[WhiteElo "1509"]
[BlackElo "1598"]
[PlyCount "62"]
[EventDate "2013.03.21"]
[EventType "team"]
[EventRounds "7"]
[EventCountry "AUT"]
[WhiteTeam "Spg. Feldbach-Kirchberg"]
[BlackTeam "SV ASVOE St. Veit/Glan"]

1. d4 Nf6 2. c4 g6 3. Nc3 Bg7 4. e4 d6 5. f3 O-O 6. Be3 Nc6 7. Nge2 e6 8. Qd2
Re8 9. Nc1 Nd7 10. Nb3 a5 11. Na4 b6 12. Be2 f5 13. O-O Bb7 14. Rac1 Nb4 15. a3
Na6 16. Bd3 c5 17. Bb1 Bc6 18. Nc3 a4 19. Na1 cxd4 20. Bxd4 Ne5 21. Ba2 fxe4
22. Nxe4 d5 23. cxd5 Bxd5 24. Bxd5 Qxd5 25. Rfd1 Red8 26. Qe2 Nxf3+ 27. Qxf3
Bxd4+ 28. Kh1 Qf5 29. Qe2 Nc5 30. Nxc5 bxc5 31. Rb1 e5 1/2-1/2

[Event "Damen Bundesliga 2013"]
[Site "21.24.3.13 St.Veit/G., 19.-21.4.13 Fuerstenfeld"]
[Date "2013.04.20"]
[Round "6"]
[Board "2"]
[White "Stangl, Helga"]
[Black "Stallinger, Vanessa"]
[Result "1-0"]
[WhiteElo "1600"]
[BlackElo "1530"]
[PlyCount "69"]
[EventDate "2013.03.21"]
[EventType "team"]
[EventRounds "7"]
[EventCountry "AUT"]
[WhiteTeam "SV ASVOE St. Veit/Glan"]
[BlackTeam "Spg. Feldbach-Kirchberg"]

1. Nf3 d5 2. b3 Bf5 3. Bb2 e6 4. e3 Nf6 5. Be2 Nbd7 6. d3 Bd6 7. Nbd2 c6 8. O-O
O-O 9. Rc1 Bg4 10. h3 Bh5 11. c4 Bb8 12. cxd5 exd5 13. e4 dxe4 14. dxe4 Qc7 15.
Qc2 Re8 16. Bd3 h6 17. Rfe1 a6 18. Bd4 Qf4 19. Be3 Qd6 20. g3 Bxf3 21. Nxf3 Qe6
22. Kg2 Ne5 23. Nxe5 Bxe5 24. f4 Bc7 25. Bd4 Rad8 26. Bxf6 Qxf6 27. e5 Qe6 28.
Bc4 Qe7 29. Rcd1 Ba5 30. Rxd8 Rxd8 31. Rd1 Rxd1 32. Qxd1 Qd8 33. Qxd8+ Bxd8 34.
e6 f5 35. e7+ 1-0

[Event "Damen Bundesliga 2013"]
[Site "21.24.3.13 St.Veit/G., 19.-21.4.13 Fuerstenfeld"]
[Date "2013.04.20"]
[Round "6"]
[Board "1"]
[White "Anker, Christin"]
[Black "Hackbarth, Christa"]
[Result "0-1"]
[WhiteElo "1867"]
[BlackElo "1844"]
[PlyCount "74"]
[EventDate "2013.03.21"]
[EventType "team"]
[EventRounds "7"]
[EventCountry "AUT"]
[WhiteTeam "Schach ohne Grenzen"]
[BlackTeam "Spg Steyr"]

1. e4 c6 2. d4 d5 3. Nc3 dxe4 4. Nxe4 Bf5 5. Ng3 Bg6 6. N1e2 Nf6 7. Nf4 e6 8.
h4 e5 9. Nxg6 hxg6 10. dxe5 Qxd1+ 11. Kxd1 Ng4 12. Ne4 Nxe5 13. f4 Ng4 14. Be2
Nf6 15. Ng5 Be7 16. c4 Na6 17. a3 Nc5 18. Bf3 Nb3 19. Rb1 Rd8+ 20. Kc2 Nd4+ 21.
Kc3 Nxf3 22. Nxf3 Ne4+ 23. Kc2 Ng3 24. Rh3 Nf5 25. g3 O-O 26. b3 Bc5 27. h5
gxh5 28. Rxh5 g6 29. Rh3 Rfe8 30. g4 Re2+ 31. Bd2 Ne3+ 32. Kc3 Nxg4 33. Rbh1
Kg7 34. Rh7+ Kf6 35. Ng5 Rd7 36. Bc1 Nf2 37. Rf1 Rd3# 0-1

[Event "Damen Bundesliga 2013"]
[Site "21.24.3.13 St.Veit/G., 19.-21.4.13 Fuerstenfeld"]
[Date "2013.04.20"]
[Round "6"]
[Board "2"]
[White "Bernhard, Julia"]
[Black "Wunderl, Eva"]
[Result "0-1"]
[WhiteElo "1829"]
[BlackElo "1817"]
[PlyCount "104"]
[EventDate "2013.03.21"]
[EventType "team"]
[EventRounds "7"]
[EventCountry "AUT"]
[WhiteTeam "Spg Steyr"]
[BlackTeam "Schach ohne Grenzen"]

1. e4 e5 2. Nf3 Nc6 3. Bc4 Bc5 4. c3 Nf6 5. d4 exd4 6. e5 d5 7. Bb5 Ne4 8. cxd4
Bb6 9. Nc3 Bg4 10. Qa4 Qd7 11. Be3 Nxc3 12. bxc3 O-O 13. Qc2 Bf5 14. Bd3 Ne7
15. O-O Rac8 16. Nh4 Bxd3 17. Qxd3 Qg4 18. Nf3 Ng6 19. h3 Qd7 20. Nd2 c5 21. f4
Ne7 22. f5 Rc6 23. Rf3 Rfc8 24. Raf1 cxd4 25. cxd4 Rc3 26. Qe2 Nc6 27. Qf2 Rxe3
28. Rxe3 Bxd4 29. Kh1 Bxe3 30. Qxe3 Re8 31. f6 Nxe5 32. Re1 gxf6 33. Nf3 Re7
34. Nd4 Ng6 35. Qg3 Rxe1+ 36. Qxe1 Qe7 37. Qg3 Qe5 38. Qc3 Ne7 39. Qb4 Nc6 40.
Nxc6 bxc6 41. Qg4+ Kf8 42. Qc8+ Qe8 43. Qb7 Qe1+ 44. Kh2 Qe5+ 45. Kh1 Qa1+ 46.
Kh2 Qe5+ 47. Kh1 d4 48. Qxc6 d3 49. Qc8+ Kg7 50. Qg4+ Qg5 51. Qd4 Qg3 52. a4
Qe1+ 0-1

[Event "Damen Bundesliga 2013"]
[Site "21.24.3.13 St.Veit/G., 19.-21.4.13 Fuerstenfeld"]
[Date "2013.04.21"]
[Round "7"]
[Board "1"]
[White "Hapala, Lisa"]
[Black "Anker, Christin"]
[Result "1/2-1/2"]
[WhiteElo "2027"]
[BlackElo "1867"]
[PlyCount "114"]
[EventDate "2013.03.21"]
[EventType "team"]
[EventRounds "7"]
[EventCountry "AUT"]
[WhiteTeam "ASVOE Pamhagen"]
[BlackTeam "Schach ohne Grenzen"]

1. e4 e5 2. Nf3 Nc6 3. Bb5 a6 4. Ba4 Nf6 5. O-O Be7 6. Re1 b5 7. Bb3 d6 8. c3
O-O 9. h3 Na5 10. Bc2 c5 11. d4 Qc7 12. Nbd2 cxd4 13. cxd4 Rd8 14. b3 Bd7 15.
Bb2 Nc6 16. Rc1 Qb8 17. Qe2 Rc8 18. Bb1 Bd8 19. Nf1 Bb6 20. dxe5 dxe5 21. Ne3
Re8 22. Red1 Qb7 23. Nd5 Bd8 24. Qd3 Ra7 25. Rd2 a5 26. Qc2 Ra6 27. Rcd1 Bc8
28. Qc5 Nd7 29. Qc2 f6 30. Qd3 Nc5 31. Qe3 Ne6 32. Qd3 Nc5 33. Qe3 Ne6 34. Kh1
a4 35. b4 Ne7 36. Nxe7+ Qxe7 37. a3 Bb6 38. Qd3 Nc7 39. Ba2+ Be6 40. Bxe6+ Qxe6
41. Qc2 Qc8 42. Rd6 Ba7 43. Nh4 Rxd6 44. Rxd6 Rd8 45. Rc6 Bb8 46. Nf5 Qd7 47.
Rd6 Qe8 48. Qd3 Rxd6 49. Qxd6 Ne6 50. Qd5 Kf7 51. Qb7+ Kg8 52. Kh2 Bc7 53. Qd5
Kf7 54. Bc1 h6 55. Be3 Kg6 56. h4 h5 57. Bc5 Nf4 1/2-1/2

[Event "Damen Bundesliga 2013"]
[Site "21.24.3.13 St.Veit/G., 19.-21.4.13 Fuerstenfeld"]
[Date "2013.04.21"]
[Round "7"]
[Board "2"]
[White "Wunderl, Eva"]
[Black "Horvath, Maria"]
[Result "0-1"]
[WhiteElo "1817"]
[BlackElo "2009"]
[PlyCount "76"]
[EventDate "2013.03.21"]
[EventType "team"]
[EventRounds "7"]
[EventCountry "AUT"]
[WhiteTeam "Schach ohne Grenzen"]
[BlackTeam "ASVOE Pamhagen"]

1. e4 c5 2. Nf3 e6 3. c3 d5 4. exd5 exd5 5. d4 Nc6 6. Be3 cxd4 7. Nxd4 Nf6 8.
h3 a6 9. Nd2 Bd6 10. N2f3 O-O 11. Bd3 Re8 12. O-O Ne4 13. Qc1 Qf6 14. Kh1 h6
15. Re1 Bd7 16. Qc2 Rac8 17. Nxc6 Bxc6 18. Bd4 Qf4 19. Qc1 Qf5 20. Qc2 Qh5 21.
Be2 Qg6 22. Bd3 Re6 23. Re2 Rce8 24. Rae1 Bb8 25. Kg1 Qf5 26. c4 Qf4 27. Be3
Qd6 28. c5 Qc7 29. Kf1 Rf6 30. Bxe4 dxe4 31. Ng1 Bb5 32. a4 Bd3 33. Qc3 Qh2 34.
Rd1 Bxe2+ 35. Nxe2 Qh1+ 36. Ng1 Bh2 37. Ke2 Qxg2 38. Qe1 Rg6 0-1

[Event "Damen Bundesliga 2013"]
[Site "21.24.3.13 St.Veit/G., 19.-21.4.13 Fuerstenfeld"]
[Date "2013.04.21"]
[Round "7"]
[Board "1"]
[White "Zechner, Andrea"]
[Black "Schnegg, Anna-Lena"]
[Result "0-1"]
[WhiteElo "1930"]
[BlackElo "2032"]
[PlyCount "106"]
[EventDate "2013.03.21"]
[EventType "team"]
[EventRounds "7"]
[EventCountry "AUT"]
[WhiteTeam "ASK Salzburg"]
[BlackTeam "SV Schachamazonen"]

1. d4 d5 2. c4 e6 3. Nf3 Nf6 4. Nc3 Be7 5. Bg5 h6 6. Bh4 O-O 7. e3 a6 8. cxd5
exd5 9. Qc2 c6 10. Bd3 Re8 11. O-O Be6 12. Rab1 a5 13. a3 Nbd7 14. b4 b5 15.
Ne5 Nxe5 16. dxe5 Ng4 17. Bg3 Bh4 18. Bf4 g5 19. Bg3 Bxg3 20. hxg3 Nxe5 21.
Bh7+ Kg7 22. Ne2 Qd7 23. Nd4 Nc4 24. Ra1 Qd6 25. Nxe6+ Qxe6 26. Bf5 Qd6 27. g4
Qf6 28. Ra2 Rh8 29. Rd1 h5 30. Rd4 Qe5 31. Kf1 f6 32. Bd7 Qd6 33. Bf5 axb4 34.
axb4 Qxb4 35. gxh5 Ra4 36. Bg4 Rh6 37. e4 Qc5 38. Rd1 Rxa2 39. Qxa2 Rh8 40.
exd5 cxd5 41. Qb1 Ne5 42. Be2 g4 43. Rc1 Rxh5 44. Kg1 Qd6 45. Qxb5 Nf3+ 46.
Bxf3 Qh2+ 47. Kf1 Qh1+ 48. Ke2 Qxc1 49. Qd7+ Kh6 50. Bxg4 Re5+ 51. Kf3 Qc3+ 52.
Kf4 Re4+ 53. Kf5 Qe5# 0-1

[Event "Damen Bundesliga 2013"]
[Site "21.24.3.13 St.Veit/G., 19.-21.4.13 Fuerstenfeld"]
[Date "2013.04.21"]
[Round "7"]
[Board "2"]
[White "Landl, Margot"]
[Black "Tschida, Verena"]
[Result "1-0"]
[WhiteElo "1778"]
[BlackElo "1728"]
[PlyCount "59"]
[EventDate "2013.03.21"]
[EventType "team"]
[EventRounds "7"]
[EventCountry "AUT"]
[WhiteTeam "SV Schachamazonen"]
[BlackTeam "ASK Salzburg"]

1. e4 e5 2. Nf3 Nc6 3. Bb5 d6 4. d4 exd4 5. Nxd4 Nge7 6. Bg5 f6 7. Bxc6+ Nxc6
8. Nxc6 bxc6 9. Bh4 Be7 10. Qh5+ g6 11. Qh6 Kf7 12. Nd2 f5 13. Bxe7 Qxe7 14.
O-O-O Rb8 15. Rhe1 Qf6 16. Nb3 Rb4 17. f3 Be6 18. g4 f4 19. h4 Ke7 20. Re2 c5
21. e5 Qf7 22. Qg5+ Kd7 23. exd6 Kc8 24. Nxc5 Rb5 25. Rxe6 cxd6 26. Rdxd6 Re8
27. Rc6+ Kb8 28. Qe5+ Ka8 29. Rxe8+ Qxe8 30. Qxe8+ 1-0

[Event "Damen Bundesliga 2013"]
[Site "21.24.3.13 St.Veit/G., 19.-21.4.13 Fuerstenfeld"]
[Date "2013.04.21"]
[Round "7"]
[Board "1"]
[White "Kopinits, Anna-Christina"]
[Black "Tarmastin, Laura"]
[Result "1-0"]
[WhiteElo "2247"]
[BlackElo "1744"]
[PlyCount "71"]
[EventDate "2013.03.21"]
[EventType "team"]
[EventRounds "7"]
[EventCountry "AUT"]
[WhiteTeam "ASVOE Wulkaprodersdorf"]
[BlackTeam "Tschaturanga"]

1. Nc3 Nf6 2. d4 g6 3. e4 d6 4. Be3 Bg7 5. Qd2 e5 6. dxe5 dxe5 7. Qxd8+ Kxd8 8.
O-O-O+ Nbd7 9. Bc4 Ke7 10. Nb5 Ne8 11. Nh3 a6 12. Nc3 Ndf6 13. f4 Bxh3 14. gxh3
Bh6 15. Kb1 Bxf4 16. Bxf4 exf4 17. e5 Nd7 18. Nd5+ Kf8 19. Nxc7 Rc8 20. Nxe8
Kxe8 21. Bxf7+ Kxf7 22. Rxd7+ Ke6 23. Rxb7 Rc6 24. h4 h6 25. Rf1 g5 26. Rg7 Kf5
27. c3 Rd8 28. Kc2 Re6 29. hxg5 hxg5 30. h4 gxh4 31. Rf7+ Kg5 32. Rg1+ Kh6 33.
Rxf4 Rxe5 34. Rxh4+ Rh5 35. Rxh5+ Kxh5 36. b4 1-0

[Event "Damen Bundesliga 2013"]
[Site "21.24.3.13 St.Veit/G., 19.-21.4.13 Fuerstenfeld"]
[Date "2013.04.21"]
[Round "7"]
[Board "1"]
[White "Horvath, Reka"]
[Black "Froewis, Annika"]
[Result "1-0"]
[WhiteElo "2040"]
[BlackElo "2043"]
[PlyCount "95"]
[EventDate "2013.03.21"]
[EventType "team"]
[EventRounds "7"]
[EventCountry "AUT"]
[WhiteTeam "Spg. Feldbach-Kirchberg"]
[BlackTeam "Union Raiffeisen Oggau"]

1. e4 e5 2. Nf3 Nc6 3. Bb5 a6 4. Ba4 Nf6 5. O-O b5 6. Bb3 Bc5 7. a4 Rb8 8. Nxe5
Nxe5 9. d4 Bxd4 10. Qxd4 d6 11. f4 c5 12. Qc3 Neg4 13. e5 Ne4 14. Qd3 Qh4 15.
h3 Ngf2 16. Qe3 c4 17. Ba2 d5 18. Rxf2 Qxf2+ 19. Qxf2 Nxf2 20. Kxf2 d4 21. Bd2
Be6 22. Na3 Kd7 23. Rd1 Kc6 24. Bb4 bxa4 25. Bd6 Rxb2 26. Bb1 d3 27. Ke3 Bf5
28. cxd3 Rxg2 29. Nxc4 Bxh3 30. d4 Rg3+ 31. Kf2 Rc3 32. d5+ Kb5 33. Na3+ Kb6
34. Be4 Bd7 35. Rb1+ Bb5 36. Bb4 Rb3 37. Rxb3 axb3 38. Nxb5 Kxb5 39. Be7 a5 40.
Bd3+ Kb6 41. Ba3 g6 42. d6 Rc8 43. f5 Kc6 44. e6 fxe6 45. fxe6 Rb8 46. Be4+ Kb5
47. d7 Kc4 48. e7 1-0

[Event "Damen Bundesliga 2013"]
[Site "21.24.3.13 St.Veit/G., 19.-21.4.13 Fuerstenfeld"]
[Date "2013.04.21"]
[Round "7"]
[Board "2"]
[White "De Leon, Angelica"]
[Black "Stallinger, Vanessa"]
[Result "0-1"]
[WhiteElo "1611"]
[BlackElo "1530"]
[PlyCount "133"]
[EventDate "2013.03.21"]
[EventType "team"]
[EventRounds "7"]
[EventCountry "AUT"]
[WhiteTeam "Union Raiffeisen Oggau"]
[BlackTeam "Spg. Feldbach-Kirchberg"]

1. e4 e5 2. Nf3 Nc6 3. Bc4 Bc5 4. Nc3 Nf6 5. d3 a6 6. a3 d6 7. h3 h6 8. O-O O-O
9. Be3 Bxe3 10. fxe3 Be6 11. Nd5 Bxd5 12. Bxd5 Nxd5 13. exd5 Ne7 14. c4 c6 15.
dxc6 Nxc6 16. Qe1 Rc8 17. Nh4 Na5 18. Nf5 Nb3 19. Rd1 Nc5 20. Qe2 Kh7 21. Rf3
g6 22. Ng3 Qe7 23. e4 Ne6 24. Qf2 b5 25. cxb5 axb5 26. Qe3 Rc2 27. Rf2 Rxf2 28.
Qxf2 Rc8 29. Qd2 Nd4 30. Qb4 Rc2 31. Rf1 Kg7 32. Rf2 Rc1+ 33. Kh2 Rd1 34. Rd2
Rc1 35. Rf2 Rc5 36. Qe1 Qg5 37. Qf1 Rc7 38. Ne2 Ne6 39. Nc3 Rb7 40. Nd5 Rd7 41.
Nf6 Re7 42. g3 Nf4 43. gxf4 Qxf6 44. f5 g5 45. Qc1 Rb7 46. Qc6 Rb8 47. Qc7 Qd8
48. Qxd8 Rxd8 49. Rc2 d5 50. Kg3 dxe4 51. dxe4 Rd3+ 52. Kg2 Re3 53. Rc5 Rxe4
54. Rxb5 Kf6 55. Rb7 Rf4 56. Rb6+ Kxf5 57. Rxh6 e4 58. Rh8 Rf3 59. Re8 Rb3 60.
a4 Rxb2+ 61. Kg3 Ra2 62. Re7 f6 63. Ra7 Ra3+ 64. Kg2 Kf4 65. a5 e3 66. Kf1 f5
67. a6 0-1